ՀՀ Գիտությունների ազգային ակադեմիայի հիմնարար գիտական գրադարան  =   Fundamental Scientific Library of NAS RA

Проблема определения хроностратиграфических границ : (Record no. 186865)

MARC details
000 -LEADER
fixed length control field 01212nam a2200241 u 4500
001 - CONTROL NUMBER
control field 000504406
003 - CONTROL NUMBER IDENTIFIER
control field AM-YeHGA
005 - DATE AND TIME OF LATEST TRANSACTION
control field 20250617134721.0
008 - FIXED-LENGTH DATA ELEMENTS--GENERAL INFORMATION
fixed length control field 061017s1986 ||| r 000 0 rus d
040 ## - CATALOGING SOURCE
Original cataloging agency AM-YeHGA
041 0# - LANGUAGE CODE
Language code of text/sound track or separate title rus
090 ## - LOCALLY ASSIGNED LC-TYPE CALL NUMBER (OCLC); LOCAL CALL NUMBER (RLIN)
-- 188328
100 1# - MAIN ENTRY--PERSONAL NAME
Personal name Симаков, Кирилл Владимирович
245 10 - TITLE STATEMENT
Title Проблема определения хроностратиграфических границ :
Remainder of title (На примере границы девона и карбона) /
Statement of responsibility, etc. К.В. Симаков; Отв. ред.: Н.А. Шило; АН СССР, Дальневост. науч. центр, СВКНИИ.
260 ## - PUBLICATION, DISTRIBUTION, ETC.
Place of publication, distribution, etc. Москва :
Name of publisher, distributor, etc. Б. и.,
Date of publication, distribution, etc. 1986.
300 ## - PHYSICAL DESCRIPTION
Extent 396 с. :
Other physical details [35] отд. л. ил.
504 ## - BIBLIOGRAPHY, ETC. NOTE
Bibliography, etc. note Библиогр.: с. 340-394
653 0# - INDEX TERM--UNCONTROLLED
Uncontrolled term Девонские отложения - Стратиграфия
653 0# - INDEX TERM--UNCONTROLLED
Uncontrolled term Каменноугольные отложения - Стратиграфия
700 1# - ADDED ENTRY--PERSONAL NAME
Personal name Шило, Н.А.
Relator term ред.
Relationship edt
710 2# - ADDED ENTRY--CORPORATE NAME
Corporate name or jurisdiction name as entry element Северо-Восточный комплексный научно-исследовательский институт ДНЦ АН СССР
710 2# - ADDED ENTRY--CORPORATE NAME
Corporate name or jurisdiction name as entry element Академия наук СССР
Holdings
Withdrawn status Lost status Damaged status Not for loan Collection Home library Current library Date acquired Total checkouts Full call number Barcode Date last seen Price effective from Koha item type Public note
        General Fundamental Scientific Library Fundamental Scientific Library 28/12/2016   551.734+551.735 120605519 28/12/2016 28/12/2016 Գրքեր / Books 30 Days Loan
        General Fundamental Scientific Library Fundamental Scientific Library 28/12/2016   PII/578984 FL0093226 28/12/2016 28/12/2016 Գրքեր / Books 30 Days Loan


ՀՀ ԳԱԱ հիմնարար գիտական գրադարան
ՀՀ,Երևան 0019
Մարշալ Բաղրամյան 24/6
հեռախոս:(374-10) 52-47-50
Հետադարձ կապ

All site content, except where otherwise noted, is licensed under a
Creative Commons License